000 00317cam a22001217a 4500
008 180718b1965 xxu||||| |||| 00| 0 eng d
082 _aV538 H279
100 _aHasson, J.A.
245 _aThe economics of nuclear power
_cby J.A. Hasson
260 _aLondon
_bLongmans
_c1965
300 _a160p.
650 _aAtomoc Power
999 _c367751
_d367751